Problems of the cockpit environment ; the Avionics Panel XVIth technical symposium.

Bibliographic Details
Corporate Author: North Atlantic Treaty Organization. Advisory Group for Aerospace Research and Development. Avionics Panel
Format: Book
Language:English
French
Published: [Neuilly-sur-Seine] : North Atlantic Treaty Organization, Advisory Group for Aerospace Research and Development, 1968?]
Series:AGARD extended summaries ; 4.
Subjects:

MARC

Tag First Indicator Second Indicator Subfields
LEADER 00000cam a2200000 4500
001 in00000098879
005 20150926125535.0
008 710723s1968 fr a b 10000 eng
010 |a  74577131  
015 |a F*** 
035 |a (OCoLC)00153174 
035 |9 AAL3556AM 
040 |a DLC  |c DLC  |d TXA  |d UtOrBLW 
041 0 |a eng  |a fre 
049 |a TXAM  |c [1147953] 
050 0 0 |a TL681.C6  |b N62 
082 0 |a 629.135 
110 2 |a North Atlantic Treaty Organization.  |b Advisory Group for Aerospace Research and Development.  |b Avionics Panel. 
245 1 0 |a Problems of the cockpit environment ;  |b the Avionics Panel XVIth technical symposium. 
264 1 |a [Neuilly-sur-Seine] :  |b North Atlantic Treaty Organization, Advisory Group for Aerospace Research and Development,  |c 1968?] 
300 |a 1 volume (various pagings) :  |b illustrations ;  |c 29 cm. 
336 |a text  |b txt  |2 rdacontent 
337 |a unmediated  |b n  |2 rdamedia 
338 |a volume  |b nc  |2 rdacarrier 
490 1 |a AGARD extended summaries, 4 
500 |a English or French. 
500 |a "In cooperation with the AGARD: Aerospace Medical Panel, Flight Mechanics Panel, Guidance and Control Panel." 
504 |a Includes bibliographical references. 
650 0 |a Airplanes  |x Cockpits  |x Congresses. 
650 0 |a Human-machine systems  |v Congresses. 
830 0 |a AGARD extended summaries ;  |v 4. 
999 |a MARS 
999 f f |s 5850455a-4423-35f6-bff5-ca6ba2d689b2  |i 02f5bea1-18bb-3241-aa44-680b1a705219  |t 0 
952 f f |p ric  |a Texas A&M University  |b Rellis Campus  |c Joint Library Facility  |d Remote Storage  |t 0  |e TL681.C6 N62  |h Library of Congress classification  |i unmediated -- volume  |m A14805547737 
998 f f |a TL681.C6 N62  |t 0  |l Remote Storage